[Event "Titled Tuesday intern op 02nd Jan Early"]
[Site "Chess.com INT"]
[Date "2024.01.02"]
[Round "10"]
[White "Agrest, Inna"]
[Black "Ferreira Junior, Luiz Carlos A"]
[Result "1-0"]
[WhiteElo "2287"]
[BlackElo "2052"]
[PlyCount "81"]
[EventDate "2024.01.02"]
[EventType "swiss (blitz)"]
[EventRounds "11"]
[EventCountry "USA"]
[SourceTitle "EXT 2025"]
[Source "ChessBase"]
[SourceDate "2024.10.14"]
[SourceVersion "1"]
[SourceVersionDate "2024.10.14"]
[SourceQuality "1"]

1. e4 c6 2. d4 d5 3. f3 dxe4 4. fxe4 e5 5. Nf3 Bg4 6. c3 Nd7 7. Bd3 Ngf6 8. 0-0 Bd6 9. Nbd2 0-0 10. Qe1 Bh5 11. Qh4 Bg6 12. Bc2 Qc7 13. dxe5 Nxe5 14. Nxe5 Bxe5 15. Nf3 Rfe8 16. Bg5 Qb6+ 17. Kh1 Qxb2 18. Nxe5 Rxe5 19. Bxf6 gxf6 20. Qxf6 Rae8 21. Bb3 R5e7 22. Rad1 Qe2 23. Rde1 Qg4 24. h3 Qd7 25. e5 b5 26. Rd1 Qc7 27. Rd6 a5 28. a3 a4 29. Ba2 c5 30. Bd5 b4 31. cxb4 cxb4 32. axb4 a3 33. b5 Qc3 34. b6 Qxe5 35. Qxe5 Rxe5 36. b7 Re1 37. Rxe1 Rxe1+ 38. Kh2 Rb1 39. Rd8+ Kg7 40. b8Q Rxb8 41. Rxb8 1-0

[Event "Titled Tuesday intern op 02nd Jan Early"]
[Site "Chess.com INT"]
[Date "2024.01.02"]
[Round "8"]
[White "Onslow, Alfie"]
[Black "Ferreira Junior, Luiz Carlos A"]
[Result "1-0"]
[WhiteElo "2165"]
[BlackElo "2052"]
[PlyCount "71"]
[EventDate "2024.01.02"]
[EventType "swiss (blitz)"]
[EventRounds "11"]
[EventCountry "USA"]
[SourceTitle "EXT 2025"]
[Source "ChessBase"]
[SourceDate "2024.10.14"]
[SourceVersion "1"]
[SourceVersionDate "2024.10.14"]
[SourceQuality "1"]

1. e4 c6 2. Nf3 d5 3. d3 dxe4 4. dxe4 Qxd1+ 5. Kxd1 Bg4 6. Be2 Nd7 7. Ne1 Ngf6 8. Nc3 0-0-0 9. Nd3 Nc5 10. f3 Nxd3 11. Bxd3 Bh5 12. Be3 Kb8 13. Ke2 e5 14. a4 Bb4 15. a5 Rhe8 16. Ra4 Bxc3 17. bxc3 Nd7 18. Rb1 Ka8 19. Rc4 f6 20. a6 Rb8 21. axb7+ Rxb7 22. Ra1 Rc7 23. Rca4 c5 24. Bb5 Rec8 25. Ra6 Nb8 26. R6a5 Rb7 27. Bc4 Bf7 28. Bxf7 Rxf7 29. Bxc5 Rxc5 30. Rxc5 Kb7 31. Rb1+ Ka8 32. Rc8 Rb7 33. Rxb7 Kxb7 34. Rg8 Nd7 35. Rxg7 Kc6 36. Rxh7 1-0